Dive - Olivia Dean Lyrics/paroles - Statistics

General Stats
  • This quiz has been taken 21 times
  • The average score is 300 of 327
Answer Stats
Answer % Correct
a
100%
all
100%
an
100%
And
100%
and
100%
But
100%
capable
100%
crazy
100%
dive
100%
every
100%
eyes
100%
fact
100%
fall
100%
fall,
100%
feel
100%
feeling
100%
feelings
100%
feet
100%
from
100%
got
100%
head
100%
I
100%
I'm
100%
(I'm
100%
in
100%
isn't
100%
It
100%
it
100%
it's
100%
It's
100%
lose
100%
loving
100%
magic
100%
Maybe
100%
me
100%
my
100%
question
100%
ready
100%
see
100%
that
100%
the
100%
time
100%
to
100%
understand
100%
working
100%
you
100%
you,
100%
you)
100%
your
100%
just
90%
Lately,
90%
marks
90%
of
90%
Tonight,
90%
tonight
90%
fine
80%
good
80%
Make
80%
make
80%
so
80%
tidal
80%
warm
80%
water's
80%
wave
80%
beautified
70%
deep
70%
diving
70%
Diving
70%
into
70%
Leaning
70%
like
70%
surfing
70%
swim
70%
through)
70%
Wanna
70%
wanna
70%
wine
70%
you're
70%
art
60%
'Cause
60%
right
60%
(Right
60%
Right
60%
everytime
50%
here,
50%
loose)
50%
out
50%
(Yeah)
50%
coming
40%
nothing's
40%
wrong
40%
No matching quizzes found
Score Distribution
Percent of People with Each Score
Percentile by Number Answered
Your Score History
You have not taken this quiz